Исследование упругого предварительного смещения: Диссертация на соискание ученой степени кандидата технических наук

Dades bibliogràfiques
Autor principal: Максак В. И.
Autor corporatiu: Томский политехнический институт (ТПИ)
Altres autors: Коняхин И. Р. Илья Романович (научный руководитель), Дощинский Г. А.
Idioma:rus
Publicat: Томск, 1968
Matèries:
Format: MixedMaterials Llibre
KOHA link:https://koha.lib.tpu.ru/cgi-bin/koha/opac-detail.pl?biblionumber=139245

MARC

LEADER 00000nbm0a2200000 4500
001 139245
005 20231031141657.0
035 |a (RuTPU)RU\TPU\book\150852 
090 |a 139245 
100 |a 20080604d1968 k y0rusy50 ca 
101 0 |a rus 
102 |a RU 
105 |a a m 001zy 
200 1 |a Исследование упругого предварительного смещения  |e Диссертация на соискание ученой степени кандидата технических наук  |f В. И. Максак  |g Томский политехнический институт (ТПИ) ; науч. рук. И. Р. Коняхин , Г. А. Дощинский 
210 |a Томск  |d 1968 
215 |a 147 л.  |c ил. 
320 |a Библиогр.: с. 134-145 (116 назв.) 
610 1 |a диссертации 
610 1 |a упругое смещение 
610 1 |a контактная жесткость 
610 1 |a предварительное смещение 
610 1 |a дискретные контакты 
610 1 |a деформация 
610 1 |a нагружение 
610 1 |a анизотропия 
610 1 |a исследование 
675 |a 620.16(04)  |v 3 
700 1 |a Максак  |b В. И. 
702 1 |a Коняхин  |b И. Р.  |c российский ученый  |c и. о. профессора кафедры сопротивления материалов ТПИ  |f 1903-1966  |g Илья Романович  |2 stltpush  |3 (RuTPU)RU\TPU\pers\19804  |4 727 
702 1 |a Дощинский  |b Г. А.  |4 727 
712 0 2 |a Томский политехнический институт (ТПИ)  |c (1944-1991)  |2 stltpush  |3 (RuTPU)RU\TPU\col\1123 
801 1 |a RU  |b 63413507  |c 20080604  |g PSBO 
942 |c BK